| 000 | 01042cam a22002891 4500 | ||
|---|---|---|---|
| 001 | 12631 | ||
| 003 | BD-RjUL | ||
| 005 | 20211208235329.0 | ||
| 008 | 140129s1942 enka b 001 0 eng | ||
| 035 | _a(BD-RjUL)12680 | ||
| 035 | _a(OCoLC)3046642 | ||
| 040 |
_aDLC _cGAT _dOCoLC _dDLC _dBD-RjUL _beng |
||
| 041 | _aeng | ||
| 082 |
_a620.1123 _bMAF 1942 |
||
| 100 | 1 |
_aManley, R. G. _939340 |
|
| 245 | 1 | 0 |
_aFundamentals of vibration study / _cby R.G. Manley ... With a foreword by W. Ker Wilson ... |
| 260 |
_aLondon : _bChapman & Hall ltd., _c1942. |
||
| 300 |
_axii, 128 p. : _c22 cm. _btables, diagrs. ; |
||
| 500 | _a"First published, 1942." | ||
| 500 | _a"Embodies the subject-matter of a course of lectures delivered by the author to members of the Vibration Department of the De Havilland Aircraft Company."--p. viii. | ||
| 500 | _a"Answers to exercises": p. 122-123. | ||
| 504 | _aIncludes bibliography (p. 124) and index. | ||
| 650 | 0 |
_aVibration. _939341 |
|
| 942 |
_2ddc _cBK |
||
| 999 |
_c12631 _d12631 |
||